<?xml version="1.0" encoding="UTF-8"?>
<record
    xmlns:xsi="http://www.w3.org/2001/XMLSchema-instance"
    xsi:schemaLocation="http://www.loc.gov/MARC21/slim http://www.loc.gov/standards/marcxml/schema/MARC21slim.xsd"
    xmlns="http://www.loc.gov/MARC21/slim">

  <leader>02792nam a22003017i 4500</leader>
  <controlfield tag="003">DO-SdBNP</controlfield>
  <controlfield tag="005">20250509135222.0</controlfield>
  <controlfield tag="007">ta</controlfield>
  <controlfield tag="008">250509b2000    |||||||| |||| 00| 0 spa d</controlfield>
  <datafield tag="040" ind1=" " ind2=" ">
    <subfield code="a">DO-SdBNP</subfield>
    <subfield code="b">spa</subfield>
    <subfield code="c">BNPHU</subfield>
    <subfield code="e">rda</subfield>
  </datafield>
  <datafield tag="041" ind1=" " ind2=" ">
    <subfield code="h">spa</subfield>
  </datafield>
  <datafield tag="082" ind1=" " ind2=" ">
    <subfield code="a">xxx</subfield>
    <subfield code="b">N718</subfield>
    <subfield code="2">22</subfield>
  </datafield>
  <datafield tag="100" ind1=" " ind2=" ">
    <subfield code="9">68728</subfield>
  </datafield>
  <datafield tag="245" ind1="0" ind2=" ">
    <subfield code="a">Ni&#xF1;os, ni&#xF1;as y adolescentes en situaci&#xF3;n de riesgo a causa del VIH/SIDA /</subfield>
    <subfield code="c">Informe realizado por Clara B&#xE1;ez y Felicia D&#xED;az</subfield>
  </datafield>
  <datafield tag="250" ind1=" " ind2=" ">
    <subfield code="a">primera edici&#xF3;n</subfield>
  </datafield>
  <datafield tag="264" ind1=" " ind2=" ">
    <subfield code="a">Santo Domingo :</subfield>
    <subfield code="b">Centro de Promoci&#xF3;n de la Atenci&#xF3;n Integral a la Infancia,</subfield>
    <subfield code="c">2024</subfield>
  </datafield>
  <datafield tag="300" ind1=" " ind2=" ">
    <subfield code="a">243 p&#xE1;ginas :</subfield>
    <subfield code="c">28 cm</subfield>
  </datafield>
  <datafield tag="336" ind1=" " ind2=" ">
    <subfield code="a">rdacontent</subfield>
    <subfield code="b">texto</subfield>
    <subfield code="2">txt</subfield>
  </datafield>
  <datafield tag="337" ind1=" " ind2=" ">
    <subfield code="a">rdamedia</subfield>
    <subfield code="b">sin mediaci&#xF3;n</subfield>
    <subfield code="2">n</subfield>
  </datafield>
  <datafield tag="338" ind1=" " ind2=" ">
    <subfield code="a">rdacarrier</subfield>
    <subfield code="b">volumen</subfield>
    <subfield code="2">nc</subfield>
  </datafield>
  <datafield tag="505" ind1=" " ind2=" ">
    <subfield code="a">LA SITUACI&#xD3;N DEL VIH SIDA EN LAS PROVINCIAS DE LA ROMANA Y VALVERDE 12|La orfandad por VIH SIDA 13|LAS FAMILIAS Y NNA AFECTADOS POR EL VIH SIDA; CARACTER&#xCD;STICAS SOCIOECON&#xD3;MICAS DE LA FAMILIAS INVESTIGADAS 14|Caracter&#xED;sticas socioecon&#xF3;micas de las familias investigadas 15|Los adultos 15|La Romana 15|Valverde 16|La multiplicidad de uniones consensuales, factor importante de riesgo 17|Los ni&#xF1;os, ni&#xF1;as y adolescentes que viven en estas familias de la pobreza a la indigencia 17|EL ESTIGMA Y DISCRIMINACI&#xD3;N A CAUSA DEL VIH 18|El silencio 20|Discriminaci&#xF3;n en el acceso a los servicios m&#xE9;dicos 20|Discriminaci&#xF3;n laboral 21|El estigma y discriminaci&#xF3;n en el barrio 22|El rechazo en las escuelas 22|Entre el rechazo y la solidaridad familiar 22|IMPACTO EMOCIONAL DEL VIHSIDA EN LOS NNA Y EN LAS MADRES AFECTADAS 24|Los adultos 25|Actitudes y creencias de las familias 25|Manejo de las emociones 26|Las emociones de las madres infectadas 26|Los ni&#xF1;os, ni&#xF1;as y adolescentes 26|Las emociones de los NNA 27|Proyecci&#xF3;n de la propia persona 27|C&#xF3;mo los NNA perciben su familia 27|Dolor y antigustia ante el futuro 28|Violencia y agresividad 29|LAS RESPUESTAS DE LAS FAMILIAS AFECTADAS 30|Sastifacci&#xF3;n de las necesidades b&#xE1;sicas de los NNA 31|Din&#xE1;micas familiares para enfrentar la situaci&#xF3;n del VIH SIDA 32|LA RESPUESTA DEL ESTADO Y DE LAS COMUNIDADES 36|C&#xF3;mo percibe la sociedad el problema de los NNA afectados por VIH 37|Irrespeto a derechos humanos y leyes vigentes 38|Los derechos humanos de los NNA 38|La repuesta del Estado 39|La respuesta de la comunidad 39|Iniciativas positivas en La Romana 40|ESTRATEGIAS RECOMENDADAS PARA FAVORECER A LOS NNA VULNERABLES POR EL VIH SIDA 42|Marco jur&#xED;dico y pol&#xED;ticas p&#xFA;blicas 43|Estigma y discriminaci&#xF3;n 44|Necesidades socio-emocionales 44|Derechos humanos 44</subfield>
  </datafield>
  <datafield tag="590" ind1=" " ind2=" ">
    <subfield code="a">Inventariado, 2025/DG</subfield>
  </datafield>
  <datafield tag="650" ind1=" " ind2="4">
    <subfield code="a">ENFERMEDADES INMUNOLOGICAS</subfield>
    <subfield code="9">87725</subfield>
  </datafield>
  <datafield tag="650" ind1=" " ind2="4">
    <subfield code="a">ENFERMEDADES TRANSMISIBLES</subfield>
    <subfield code="9">52710</subfield>
  </datafield>
  <datafield tag="650" ind1=" " ind2="4">
    <subfield code="a">NI&#xD1;OS</subfield>
    <subfield code="x">CUIDADO E HIGIENE</subfield>
    <subfield code="9">1754</subfield>
  </datafield>
  <datafield tag="910" ind1=" " ind2=" ">
    <subfield code="a">DG</subfield>
  </datafield>
  <datafield tag="942" ind1=" " ind2=" ">
    <subfield code="2">ddc</subfield>
    <subfield code="c">LBS1</subfield>
  </datafield>
  <datafield tag="952" ind1=" " ind2=" ">
    <subfield code="0">0</subfield>
    <subfield code="1">0</subfield>
    <subfield code="2">ddc</subfield>
    <subfield code="5">1</subfield>
    <subfield code="7">0</subfield>
    <subfield code="8">PD</subfield>
    <subfield code="a">BNPHU</subfield>
    <subfield code="b">BNPHU</subfield>
    <subfield code="c">CT</subfield>
    <subfield code="d">2025-05-09</subfield>
    <subfield code="e">donaci&#xF3;n</subfield>
    <subfield code="l">0</subfield>
    <subfield code="o">BNPHU PD N718</subfield>
    <subfield code="p">2025-4078</subfield>
    <subfield code="r">2025-05-09</subfield>
    <subfield code="w">2025-05-09</subfield>
    <subfield code="y">LBS1</subfield>
  </datafield>
  <datafield tag="999" ind1=" " ind2=" ">
    <subfield code="c">58984</subfield>
    <subfield code="d">58984</subfield>
  </datafield>
</record>
